Normal view
MARC view
- Home Video
Entry Topical Term
001 - CONTROL NUMBER
- control field: 105756
003 - CONTROL NUMBER IDENTIFIER
- control field: NUST
005 - DATE AND TIME OF LATEST TRANSACTION
- control field: 20221223121122.0
008 - FIXED-LENGTH DATA ELEMENTS
- fixed length control field: 221223|| aca||aabn | a|a d
040 ## - CATALOGING SOURCE
- Original cataloging agency: NUST
- Transcribing agency: NUST
150 ## - HEADING--TOPICAL TERM
- Topical term or geographic name entry element: Home Video
670 ## - SOURCE DATA FOUND
- Source citation: Work cat.: (NUST)183264: The Home Video Yearbook 1981-82 /, 1981
